|
|
|
|
| LEADER |
00000nam0a2200000 4500 |
| 001 |
371271 |
| 005 |
20231102012349.0 |
| 035 |
|
|
|a (RuTPU)RU\TPU\retro\28681
|
| 090 |
|
|
|a 371271
|
| 100 |
|
|
|a 20221006d1979 m y0rusy50 ca
|
| 101 |
0 |
|
|a rus
|
| 102 |
|
|
|a RU
|
| 105 |
|
|
|a a j 001zy
|
| 200 |
1 |
|
|a Радиовещание и радиосвязь
|e учебник для техникумов
|f А. В. Выходец
|
| 210 |
|
|
|a Москва
|c Связь
|d 1979
|
| 215 |
|
|
|a 208 с.
|c ил.
|
| 320 |
|
|
|a Библиогр.: с. 206
|
| 606 |
1 |
|
|a Радиовещание
|x Качество звукопередачи
|2 stltpush
|3 (RuTPU)RU\TPU\subj\22524
|9 47271
|
| 610 |
1 |
|
|a сигналы
|
| 610 |
1 |
|
|a каналы связи
|
| 610 |
1 |
|
|a многоканальные линии связи
|
| 610 |
1 |
|
|a аналоговые сообщения
|
| 610 |
1 |
|
|a передача
|
| 610 |
1 |
|
|a звуковое вещание
|
| 610 |
1 |
|
|a телевизионное вещание
|
| 610 |
1 |
|
|a электроакустическая аппаратура
|
| 610 |
1 |
|
|a пульты
|
| 610 |
1 |
|
|a запись
|
| 610 |
1 |
|
|a воспроизведение
|
| 610 |
1 |
|
|a проводное вещание
|
| 610 |
1 |
|
|a радиосвязь
|
| 610 |
1 |
|
|a аппаратура
|
| 610 |
1 |
|
|a радиосредства
|
| 610 |
1 |
|
|a технический контроль
|
| 610 |
1 |
|
|a учебники
|
| 675 |
|
|
|a 621.396.97(075.3)
|v 4
|
| 700 |
|
1 |
|a Выходец
|b А. В.
|g Анатолий Васильевич
|
| 801 |
|
1 |
|a RU
|b 63413507
|c 20221006
|
| 942 |
|
|
|c BK
|